000 00400nam a2200145Ia 4500
008 151213s9999 xx 000 0 und d
100 _aEdward W. Said
245 _aOriental ism , Western Conceptions of The Orient
_cEdward W. Said
260 _aNew Delhi
_bPenguin Books
_c2001
300 _a4814 p.
650 _aEnglish
650 _aEnglish Literature
700 _aEdward W. Said
999 _c3034
_d3034